00707nam a2200193 a 4500003000200000005001700002008004100019050002700060100002300087245007100110260009100181300004000272504004100312650002600353650002300379650002200402650004000424650004900464020250206155419.0130829s19uu xx 00 eng d aPGS S 655.5b.K49 2013 aKim, Jane (Yejin). aMalunggay and kakawate leaves as fertilizers /cKim, Jane (Yejin). aLas Piñas City, Philippines :bSouthville International School and Colleges, c2013. a19 pages :billustrations ;c28 cm. aIncludes bibliographical references. aFertilizers, Organic. aGreen fertilizers. a Plant nutrition. aMalunggay (Moringa) in agriculture. aKakawate (Gliricidia sepium) in agriculture.